00491nam a2200169 a 450008200130000010000140001324500180002726000430004530000090008850000350009750500180013265000400015070000140019094200070020495200950021199900150030600a221bCOO aCook, S A aOld Testament aCambridgebW.Heffer and Sons Ltdc1936 a264p aincludes index and biblioraphy2 aGeneral Index aBible O.T. Criticism & Interpretati1 aCook, S A cBK 00104070aHMIbHMId2007-06-15g100.00l0o221.6 COOp3253r2007-06-15w2026-01-16yARB c1692d1692